[Event "BEM2013 der Damen"]
[Site "Westerndorf St. Peter / Rosen"]
[Date "2013.08.29"]
[Round "7.6"]
[White "Stegmaier, Erika"]
[Black "Rascher, Helena"]
[Result "1-0"]
[WhiteElo "1529"]
[BlackElo "1257"]
[PlyCount "99"]
[EventDate "2013.??.??"]
[WhiteTeam "1.Schachklub Neuperlach e.V."]
[BlackTeam "ASV Martinszell Abteilung Schach"]

1. c4 c5 2. Nc3 Nc6 3. g3 b6 4. Bg2 Bb7 5. e3 e6 6. Nge2 Nf6 7. O-O Be7 8. d4
cxd4 9. exd4 d5 10. cxd5 Nxd5 11. Nxd5 exd5 12. Nc3 O-O 13. Nxd5 Na5 14. Nxe7+
Qxe7 15. Re1 Qd7 16. b3 Bxg2 17. Kxg2 Rfd8 18. Bb2 Qd5+ 19. Kf1 Nc6 20. Qc2
Nxd4 21. Bxd4 Qxd4 22. Rac1 h6 23. Re7 Qd6 24. Rce1 g6 25. Qc4 Rf8 26. h4 Kg7
27. Rc7 a6 28. Ree7 Qf6 29. a4 Qf3 30. Re3 Qf6 31. Rc6 b5 32. Qc2 Qa1+ 33. Kg2
b4 34. Rf3 a5 35. Rc7 Qd4 36. Qc6 Ra7 37. Rxa7 Qxa7 38. Qf6+ Kg8 39. h5 Qc5 40.
hxg6 Qg5 41. gxf7+ Kh7 42. Qxg5 hxg5 43. Rf5 Kg6 44. Rxa5 Rxf7 45. Rb5 g4 46.
Rxb4 Kg5 47. Rb5+ Kg6 48. a5 Kf6 49. a6 Ke6 50. Rb7 1-0

[Event "BEM2013 der Damen"]
[Site "Westerndorf St. Peter / Rosen"]
[Date "2013.08.29"]
[Round "7.7"]
[White "Lorenz, Oda"]
[Black "Homfeldt, Maren"]
[Result "1-0"]
[WhiteElo "1872"]
[BlackElo "951"]
[PlyCount "103"]
[EventDate "2013.??.??"]
[WhiteTeam "Schachges. Augsburg 1873"]
[BlackTeam "SC Noris-Tarrasch Nürnberg 1873"]

1. e4 g6 2. d4 Bg7 3. Nc3 a6 4. Be2 e6 5. Be3 Ne7 6. Qd2 d6 7. Bh6 Bxh6 8. Qxh6
Kd7 9. O-O-O Qf8 10. Qf4 Nbc6 11. Nf3 b6 12. d5 Ne5 13. dxe6+ fxe6 14. Qxf8
Rxf8 15. Nxe5+ Kd8 16. Nf3 Bb7 17. Rhf1 d5 18. Nd4 dxe4 19. Nxe6+ Ke8 20. Nxc7+
Kf7 21. Nxa8 Rxa8 22. Rd7 Bc6 23. Rc7 Kf6 24. f3 e3 25. Nd1 Ke6 26. Nxe3 b5 27.
Rd1 Rc8 28. Rxc8 Nxc8 29. c4 bxc4 30. Bxc4+ Ke7 31. Bxa6 Nd6 32. b3 Kd7 33. Nc4
Kc7 34. Nxd6 Bd7 35. Nf7 h5 36. Ne5 Be6 37. Nxg6 Bf5 38. Nf4 h4 39. g4 hxg3 40.
hxg3 Bd7 41. Nd5+ Kd8 42. Nf6 Ke7 43. Nxd7 Kf7 44. Bc4+ Kg7 45. a4 Kg6 46. a5
Kg5 47. a6 Kh6 48. a7 Kg7 49. a8=Q Kg6 50. Qe4+ Kg7 51. Qg4+ Kh8 52. Qg8# 1-0

[Event "BEM2013 der Damen"]
[Site "Westerndorf St. Peter / Rosen"]
[Date "2013.08.29"]
[Round "7.8"]
[White "Weiß, Monika"]
[Black "Homfeldt, Claudia Laura"]
[Result "1-0"]
[WhiteElo "1661"]
[BlackElo "1434"]
[PlyCount "97"]
[EventDate "2013.??.??"]
[WhiteTeam "SC Bavaria Regensb.1881"]
[BlackTeam "SC Noris-Tarrasch Nürnberg 1873"]

1. e4 d5 2. exd5 Qxd5 3. Nc3 Qa5 4. d4 c6 5. Nf3 b6 6. Bf4 Nf6 7. Bd3 Nbd7 8.
O-O e6 9. Re1 Be7 10. Ne4 O-O 11. Nxf6+ Bxf6 12. c3 c5 13. dxc5 Qxc5 14. Qc2 e5
15. Bg3 g6 16. Re2 Re8 17. Rc1 a6 18. Nh4 Bxh4 19. Bxh4 h6 20. Bxg6 fxg6 21.
Qxg6+ Kf8 22. Qxh6+ Kf7 23. Re3 Bb7 24. Rg3 Rg8 25. Qh5+ Ke6 26. Qh6+ Kf7 27.
Qh7+ Ke6 28. Rxg8 Rxg8 29. Qxg8+ Kd6 30. Qg6+ Kc7 31. Qe6 Bc8 32. Be7 Qc6 33.
Qxc6+ Kxc6 34. Bh4 Kc5 35. Bg3 Kd5 36. f3 b5 37. Kf2 a5 38. Ke3 Nf6 39. Rd1+
Kc4 40. Bxe5 Nd5+ 41. Ke4 Bb7 42. Rd4+ Kc5 43. Kd3 Nb6 44. b4+ axb4 45. cxb4+
Kc6 46. Rd6+ Kc7 47. Kd4 Nc4 48. Rh6+ Nxe5 49. Kxe5 1-0

[Event "BEM2013 der Damen"]
[Site "Westerndorf St. Peter / Rosen"]
[Date "2013.08.30"]
[Round "8.1"]
[White "Gremer, Kathrin"]
[Black "Horstmann, Astrid"]
[Result "1-0"]
[WhiteElo "1781"]
[BlackElo "1949"]
[PlyCount "53"]
[EventDate "2013.??.??"]
[WhiteTeam "SC Steinwiesen"]
[BlackTeam "SC Bechhofen 1923 e.V."]

1. e4 c5 2. Nc3 Nc6 3. f4 d6 4. Bb5 Bd7 5. Bxc6 Bxc6 6. Nf3 Nf6 7. e5 dxe5 8.
fxe5 Ng4 9. e6 f6 10. h3 Nh6 11. O-O Nf5 12. d3 Nd4 13. Nxd4 Qxd4+ 14. Rf2 h5
15. Qe2 b6 16. a3 g5 17. Be3 Qh4 18. Kh2 g4 19. Rf4 Bh6 20. Raf1 Bxf4+ 21. Rxf4
Rg8 22. Ne4 f5 23. Rxf5 gxh3 24. Rxh5 Bxe4 25. Rxh4 Rxg2+ 26. Qxg2 Bxg2 27.
Rh8# 1-0

[Event "BEM2013 der Damen"]
[Site "Westerndorf St. Peter / Rosen"]
[Date "2013.08.30"]
[Round "8.2"]
[White "Zwetz, Anita"]
[Black "Zabarska, Natalia"]
[Result "1/2-1/2"]
[WhiteElo "1890"]
[BlackElo "1836"]
[PlyCount "97"]
[EventDate "2013.??.??"]
[WhiteTeam "TSV Kareth-Lappersdorf"]
[BlackTeam "Spvg Zabo-Eintracht Nürnberg e.V"]

1. d4 f5 2. Nf3 Nf6 3. Bg5 e6 4. e3 Be7 5. Ne5 O-O 6. Nd2 d6 7. Nd3 Ne4 8. Bxe7
Qxe7 9. c3 Nd7 10. Nxe4 fxe4 11. Nf4 d5 12. Be2 c6 13. h4 e5 14. dxe5 Nxe5 15.
Qd4 Bg4 16. Qd2 Bxe2 17. Qxe2 Rxf4 18. exf4 Nd3+ 19. Kf1 Nxf4 20. Qe3 Nd3 21.
Rb1 Rf8 22. f3 Qd6 23. Kg1 Qg6 24. h5 Qf5 25. fxe4 dxe4 26. Rh4 Nf2 27. Re1 Ng4
28. Qe2 Qc5+ 29. Kh1 Nf2+ 30. Kh2 Qg5 31. g3 Rf3 32. Rg1 Ng4+ 33. Kh1 Rxg3 34.
Rxg4 Qxh5+ 35. Qh2 Rh3 36. Rxg7+ Kf8 37. Rg8+ Kf7 38. R8g7+ Kf6 39. R7g2 Rxh2+
40. Rxh2 Qf3+ 41. Rhg2 h5 42. Re1 h4 43. Kg1 h3 44. Rge2 h2+ 45. Kxh2 Qf4+ 46.
Kg2 Qf3+ 47. Kg1 Qg3+ 48. Kf1 Qh3+ 49. Kg1 1/2-1/2

[Event "BEM2013 der Damen"]
[Site "Westerndorf St. Peter / Rosen"]
[Date "2013.08.30"]
[Round "8.3"]
[White "Hastreiter, Laura"]
[Black "Nieberle, Cornelia"]
[Result "1-0"]
[WhiteElo "1752"]
[BlackElo "1726"]
[PlyCount "85"]
[EventDate "2013.??.??"]
[WhiteTeam "SG Vogtareuth-Prutting"]
[BlackTeam "SK Bobingen"]

1. e4 e5 2. Nf3 Nc6 3. Bb5 Bc5 4. O-O d6 5. d4 exd4 6. Nxd4 Bd7 7. Nxc6 Bxc6 8.
Bxc6+ bxc6 9. Qg4 Qf6 10. Nc3 Qg6 11. Qh4 f6 12. Qh3 Qf7 13. Be3 Bxe3 14. Qxe3
Ne7 15. f4 O-O 16. e5 Qe6 17. Rae1 fxe5 18. fxe5 Rxf1+ 19. Kxf1 Ng6 20. exd6
Rf8+ 21. Kg1 Qxe3+ 22. Rxe3 cxd6 23. Re6 Rd8 24. Ne4 d5 25. Ng5 c5 26. Rc6 c4
27. Rc7 Re8 28. Rxa7 h6 29. Nf3 Re2 30. Nd4 Re7 31. Rxe7 Nxe7 32. a4 Kf7 33.
Kf2 Kf6 34. Ke3 g5 35. a5 Ke5 36. a6 Nc8 37. Nb5 Nb6 38. a7 Na8 39. g3 h5 40.
h3 h4 41. g4 d4+ 42. Nxd4 Kd5 43. Nf3 1-0

[Event "BEM2013 der Damen"]
[Site "Westerndorf St. Peter / Rosen"]
[Date "2013.08.30"]
[Round "8.4"]
[White "Roos, Karin"]
[Black "Müller, Liliane"]
[Result "0-1"]
[WhiteElo "1775"]
[BlackElo "1661"]
[PlyCount "98"]
[EventDate "2013.??.??"]
[WhiteTeam "FC Bayern München e.V."]
[BlackTeam "1.Schachklub Neuperlach e.V."]

1. e4 e6 2. Nf3 d5 3. exd5 exd5 4. d4 Nf6 5. Bd3 c5 6. dxc5 Bxc5 7. O-O O-O 8.
b3 Nc6 9. Bb2 Bg4 10. Nbd2 Rc8 11. c4 d4 12. Qb1 Qd6 13. a3 Bb6 14. Bf5 Rcd8
15. h3 Bxf5 16. Qxf5 Bc7 17. Qd3 g6 18. Ne4 Ne5 19. Nxe5 Qxe5 20. Rfe1 Rfe8 21.
Kf1 Nxe4 22. Rad1 Qh2 23. Rxe4 Qh1+ 24. Ke2 Qxg2 25. Rxe8+ Rxe8+ 26. Kd2 Qxf2+
27. Kc1 Bf4+ 28. Kb1 Be5 29. a4 Bg7 30. c5 Qe3 31. Qc4 Qe4+ 32. Ka2 Qe2 33. Qc1
d3 34. Rd2 Qe4 35. Bxg7 Kxg7 36. Qc3+ Qe5 37. Rxd3 Qxc3 38. Rxc3 f5 39. Rd3 Re7
40. Kb2 f4 41. Kc3 Kf6 42. b4 Ke6 43. b5 Rc7 44. Kc4 h5 45. Rd6+ Kf5 46. c6
bxc6 47. bxc6 f3 48. Rd8 Rxc6+ 49. Kd3 Rf6 0-1

[Event "BEM2013 der Damen"]
[Site "Westerndorf St. Peter / Rosen"]
[Date "2013.08.30"]
[Round "8.5"]
[White "Homfeldt, Maren"]
[Black "Stegmaier, Erika"]
[Result "0-1"]
[WhiteElo "951"]
[BlackElo "1529"]
[PlyCount "80"]
[EventDate "2013.??.??"]
[WhiteTeam "SC Noris-Tarrasch Nürnberg 1873"]
[BlackTeam "1.Schachklub Neuperlach e.V."]

1. g3 Nf6 2. h3 e6 3. Bg2 c6 4. b3 d5 5. d3 Be7 6. Bb2 O-O 7. Nd2 Nbd7 8. e3
Rb8 9. Ne2 Qc7 10. O-O c5 11. Kh2 b5 12. a3 c4 13. d4 Bb7 14. b4 Bd6 15. f4 h6
16. c3 Ra8 17. h4 Ng4+ 18. Kg1 Nxe3 19. Qe1 Nxf1 20. Nxf1 Nf6 21. Ne3 a5 22.
Bf3 axb4 23. cxb4 h5 24. Bc3 g6 25. Qb1 Ne4 26. Kg2 Be7 27. Kh3 Bf6 28. Qc2 Qd7
29. g4 hxg4+ 30. Nxg4 Qe7 31. Nxf6+ Qxf6 32. Bxe4 dxe4 33. Ng3 Qxf4 34. Qd2
Qxd2 35. Bxd2 Rfd8 36. Bc3 Bc8 37. Nxe4 e5+ 38. Kg3 exd4 39. Nf6+ Kg7 40. Ne4
dxc3 0-1

[Event "BEM2013 der Damen"]
[Site "Westerndorf St. Peter / Rosen"]
[Date "2013.08.30"]
[Round "8.6"]
[White "Homfeldt, Claudia Laura"]
[Black "Lorenz, Oda"]
[Result "1/2-1/2"]
[WhiteElo "1434"]
[BlackElo "1872"]
[PlyCount "212"]
[EventDate "2013.??.??"]
[WhiteTeam "SC Noris-Tarrasch Nürnberg 1873"]
[BlackTeam "Schachges. Augsburg 1873"]

1. e4 e5 2. Nf3 Nc6 3. Bc4 Bc5 4. Nc3 Nf6 5. h3 O-O 6. O-O a6 7. a3 Ne7 8. Nxe5
d5 9. exd5 Nexd5 10. Nf3 Be6 11. d3 Qd6 12. Ne4 Nxe4 13. dxe4 Nf6 14. Qxd6 cxd6
15. Bxe6 fxe6 16. e5 dxe5 17. Nxe5 Rad8 18. Be3 Bd6 19. Nd3 Rf7 20. Bf4 Ne4 21.
Bxd6 Rxd6 22. b4 Rc7 23. Rac1 Nc3 24. Rce1 Ne4 25. Re2 Nc3 26. Rd2 Nb5 27. Ra1
e5 28. Re2 Nd4 29. Rxe5 Nxc2 30. Rd1 Rcd7 31. Rd2 Nxa3 32. Rde2 Rxd3 33. R2e4
Rd1+ 34. Kh2 R1d4 35. Re3 Nc4 36. Re8+ Kf7 37. Re2 Nd2 38. Kg1 Rxb4 39. g3 Rb1+
40. Kg2 Nc4 41. R8e4 Rb5 42. Rxc4 Re7 43. Rf4+ Ke8 44. Rc2 a5 45. Rc8+ Kd7 46.
Rc3 b6 47. Rd4+ Ke6 48. Re4+ Re5 49. Rf4 Kd5 50. Rd3+ Kc5 51. Rc3+ Kb5 52. Rd4
Rc5 53. Rb3+ Kc6 54. Rbd3 b5 55. Rd6+ Kc7 56. Ra6 a4 57. Ra7+ Kb6 58. Rxe7 b4
59. Rd4 Rb5 60. Rd8 b3 61. Rb8+ Ka5 62. Ra8+ Kb4 63. Re4+ Kc3 64. Raxa4 b2 65.
Re3+ Kc2 66. Re2+ Kb3 67. Rxb2+ Kxb2 68. Ra7 Rg5 69. Kf3 Kc3 70. Kf4 h6 71. h4
Rg6 72. Rc7+ Kd4 73. Rd7+ Kc5 74. h5 Rg5 75. g4 Kc6 76. Rf7 Kd6 77. Ra7 Ke6 78.
Ra6+ Kf7 79. Ra7+ Kg8 80. Kg3 Rb5 81. Ra3 Kh7 82. f4 g6 83. Ra7+ Kg8 84. hxg6
h5 85. g5 Rb3+ 86. Kh4 Rf3 87. Rf7 Rf2 88. Kxh5 Ra2 89. Kg4 Ra5 90. Rb7 Rc5 91.
f5 Rc4+ 92. Kf3 Rc5 93. Ke4 Ra5 94. Kf4 Ra4+ 95. Ke3 Ra5 96. f6 Ra8 97. Ke4
Re8+ 98. Kf5 Rf8 99. Rc7 Ra8 100. f7+ Kf8 101. g7+ Kxg7 102. Kg4 Kf8 103. g6
Rb8 104. Kf5 Kg7 105. Rc5 Rb6 106. Rc7 Rxg6 1/2-1/2

[Event "BEM2013 der Damen"]
[Site "Westerndorf St. Peter / Rosen"]
[Date "2013.08.30"]
[Round "8.7"]
[White "Weiß, Monika"]
[Black "Milak, Adela"]
[Result "1-0"]
[WhiteElo "1661"]
[BlackElo "1666"]
[PlyCount "117"]
[EventDate "2013.??.??"]
[WhiteTeam "SC Bavaria Regensb.1881"]
[BlackTeam "SC Haar 1931"]

1. e4 e5 2. f4 Qh4+ 3. g3 Qf6 4. fxe5 Qxe5 5. Nc3 Nf6 6. d4 Qa5 7. Bd2 Qb6 8.
Nf3 Qxb2 9. Rb1 Qa3 10. Rb3 Qe7 11. Bd3 Qd8 12. e5 Ng4 13. O-O Be7 14. Nd5 h5
15. Nxe7 Qxe7 16. h3 Nh6 17. Ng5 Nc6 18. c3 d6 19. exd6 Qxd6 20. Bf4 Qd7 21.
Qxh5 g6 22. Qe2+ Qe7 23. Qxe7+ Kxe7 24. Bxc7 Nf5 25. g4 Nh6 26. d5 Kd7 27.
dxc6+ Kxc7 28. cxb7 Bxb7 29. Nxf7 Bd5 30. Nxh8 Rxh8 31. Ra3 Ng8 32. Kh2 Nh6 33.
Kg3 Re8 34. Bxg6 Re3+ 35. Kh4 Bg2 36. Rxa7+ Kb6 37. Rh7 Rxh3+ 38. Kg5 Bxf1 39.
Rxh6 Rxh6 40. Kxh6 Bc4 41. a3 Bd5 42. Kg7 Kc5 43. Bf7 Be4 44. g5 Kb5 45. Kf6
Ka4 46. g6 Kxa3 47. g7 Bh7 48. g8=Q Bxg8 49. Bxg8 Ka4 50. c4 Kb4 51. Ke5 Kc5
52. Ke4 Kd6 53. Kd4 Kc6 54. c5 Kd7 55. Kd5 Kc7 56. c6 Kc8 57. Kd6 Kd8 58. c7+
Kc8 59. Be6+ 1-0

[Event "BEM2013 der Damen"]
[Site "Westerndorf St. Peter / Rosen"]
[Date "2013.08.30"]
[Round "8.8"]
[White "Billing, Kerstin"]
[Black "Rascher, Helena"]
[Result "1-0"]
[WhiteElo "1714"]
[BlackElo "1257"]
[PlyCount "27"]
[EventDate "2013.??.??"]
[WhiteTeam "SC Schwabmünchen"]
[BlackTeam "ASV Martinszell Abteilung Schach"]

1. e4 c5 2. Nf3 Nc6 3. Bc4 d6 4. O-O Nf6 5. d3 Nd4 6. Nxd4 cxd4 7. a3 e5 8. f4
Be7 9. f5 Qb6 10. b4 g5 11. fxg6 hxg6 12. Bg5 Qd8 13. Bxf6 Bxf6 14. Qf3 1-0

[Event "BEM2013 der Damen"]
[Site "Westerndorf St. Peter / Rosen"]
[Date "2013.08.30"]
[Round "9.1"]
[White "Gremer, Kathrin"]
[Black "Zwetz, Anita"]
[Result "0-1"]
[WhiteElo "1781"]
[BlackElo "1890"]
[PlyCount "85"]
[EventDate "2013.??.??"]
[WhiteTeam "SC Steinwiesen"]
[BlackTeam "TSV Kareth-Lappersdorf"]

1. e4 e6 2. d4 d5 3. exd5 exd5 4. Nf3 Nf6 5. Be2 Bd6 6. Bg5 O-O 7. Nc3 c6 8.
O-O Bg4 9. Re1 Nbd7 10. Nh4 Bxe2 11. Nxe2 Qc7 12. h3 Ne4 13. Be3 f5 14. f4 Rae8
15. Nf3 Re6 16. Ne5 Rh6 17. Rf1 Be7 18. Bf2 Nxf2 19. Rxf2 Nf6 20. Ng3 Ne4 21.
Nxe4 dxe4 22. Qe1 Bh4 23. Re2 Qd8 24. Re3 Qxd4 25. Qe2 Rd6 26. Qc4+ Qxc4 27.
Nxc4 Rd4 28. Na5 Rd2 29. g3 Bd8 30. Ra3 Bb6+ 31. Kh1 Bxa5 32. Rxa5 a6 33. Rc5
g6 34. b3 Rfd8 35. a4 R8d5 36. Rc3 Re2 37. Rd1 Kf7 38. Kg1 Rdd2 39. Kf1 Rh2 40.
Ke1 Rde2+ 41. Kf1 e3 42. Re1 Rhf2+ 43. Kg1 0-1

[Event "BEM2013 der Damen"]
[Site "Westerndorf St. Peter / Rosen"]
[Date "2013.08.30"]
[Round "9.2"]
[White "Horstmann, Astrid"]
[Black "Stegmaier, Erika"]
[Result "1-0"]
[WhiteElo "1949"]
[BlackElo "1529"]
[PlyCount "91"]
[EventDate "2013.??.??"]
[WhiteTeam "SC Bechhofen 1923 e.V."]
[BlackTeam "1.Schachklub Neuperlach e.V."]

1. d4 d5 2. c4 e6 3. Nf3 Nf6 4. a3 Be7 5. e3 Nbd7 6. c5 c6 7. b4 O-O 8. Qc2 b6
9. Nbd2 bxc5 10. bxc5 Rb8 11. Bd3 g6 12. O-O Qc7 13. a4 e5 14. dxe5 Nxe5 15.
Nxe5 Qxe5 16. Ba3 Ng4 17. Nf3 Qc7 18. Rab1 Be6 19. h3 Ne5 20. Nxe5 Qxe5 21. Bb2
Qg5 22. Kh2 Bf6 23. f4 Qh4 24. a5 Bxb2 25. Rxb2 Qf6 26. Rfb1 Rxb2 27. Qxb2 Qe7
28. Qb4 f5 29. Bc2 Bd7 30. Qd4 Re8 31. Rb3 Qd8 32. Rb7 Re7 33. Qf6 Qe8 34. Qd6
Qf7 35. Rxa7 Qe8 36. a6 Kf7 37. Rb7 Bc8 38. Rb8 Ra7 39. Bd3 Re7 40. Bf1 Ra7 41.
Rb6 Rd7 42. Qxc6 Qxe3 43. Qf6+ Kg8 44. Re6 Qxf4+ 45. g3 Qf2+ 46. Bg2 1-0

[Event "BEM2013 der Damen"]
[Site "Westerndorf St. Peter / Rosen"]
[Date "2013.08.30"]
[Round "9.3"]
[White "Müller, Liliane"]
[Black "Hastreiter, Laura"]
[Result "1-0"]
[WhiteElo "1661"]
[BlackElo "1752"]
[PlyCount "87"]
[EventDate "2013.??.??"]
[WhiteTeam "1.Schachklub Neuperlach e.V."]
[BlackTeam "SG Vogtareuth-Prutting"]

1. d4 e6 2. c4 d5 3. Nc3 Nf6 4. Nf3 c6 5. a4 Bb4 6. Bd2 O-O 7. e3 Nbd7 8. cxd5
exd5 9. Bd3 Re8 10. O-O Bxc3 11. Bxc3 Ne4 12. Nd2 Ndf6 13. Nxe4 Nxe4 14. Bd2
Qg5 15. f3 Nxd2 16. Qxd2 Qxe3+ 17. Qxe3 Rxe3 18. Rae1 Rxe1 19. Rxe1 Be6 20. Kf2
Re8 21. Rc1 Rc8 22. Ke3 h6 23. h3 Kf8 24. f4 g6 25. h4 Bg4 26. b4 Ke7 27. b5
cxb5 28. Rxc8 Bxc8 29. axb5 h5 30. Kd2 Kd6 31. Kc3 Kc7 32. Kb4 Kb6 33. Be2 Bd7
34. Bd3 a6 35. bxa6 bxa6 36. Be2 Bb5 37. Bf3 Bc4 38. Bd1 a5+ 39. Ka3 Bb5 40.
Bb3 Kc6 41. Bc2 Kd6 42. f5 Be8 43. Bd3 Ke7 44. fxg6 1-0

[Event "BEM2013 der Damen"]
[Site "Westerndorf St. Peter / Rosen"]
[Date "2013.08.30"]
[Round "9.4"]
[White "Rascher, Helena"]
[Black "Nieberle, Cornelia"]
[Result "1/2-1/2"]
[WhiteElo "1257"]
[BlackElo "1726"]
[PlyCount "104"]
[EventDate "2013.??.??"]
[WhiteTeam "ASV Martinszell Abteilung Schach"]
[BlackTeam "SK Bobingen"]

1. e4 e6 2. d4 d5 3. exd5 exd5 4. Bd3 Bd6 5. c4 c6 6. Nc3 Be6 7. c5 Bc7 8. Nf3
Ne7 9. O-O O-O 10. Ng5 Bf5 11. f4 h6 12. Nf3 f6 13. Qc2 Qd7 14. Bxf5 Qxf5 15.
Qxf5 Nxf5 16. g4 Ne7 17. Bd2 Nd7 18. f5 h5 19. h3 Kf7 20. Nh2 Rh8 21. Bf4 Bxf4
22. Rxf4 Rh7 23. Kg2 Rah8 24. Rh1 hxg4 25. Nxg4 Rh5 26. Ne3 g6 27. fxg6+ Nxg6
28. Rf2 Rh4 29. Ne2 Re4 30. Ng4 Rhe8 31. Kf1 Rh8 32. Kg2 Nh4+ 33. Kf1 f5 34.
Nh2 Re3 35. Nf4 Rhe8 36. Re2 Rxe2 37. Nxe2 Re3 38. Nf4 Re4 39. Ne2 Re3 40. Nf4
Nf6 41. Kf2 Re4 42. Ne2 Nh5 43. Nf3 Nxf3 44. Nc3 Rxd4 45. Kxf3 Rd3+ 46. Ke2
Ng3+ 47. Kxd3 Nxh1 48. Ke3 d4+ 49. Kxd4 Kf6 50. a4 Ng3 51. b4 Ke6 52. h4 a6
1/2-1/2

[Event "BEM2013 der Damen"]
[Site "Westerndorf St. Peter / Rosen"]
[Date "2013.08.30"]
[Round "9.5"]
[White "Lorenz, Oda"]
[Black "Weiß, Monika"]
[Result "1-0"]
[WhiteElo "1872"]
[BlackElo "1661"]
[PlyCount "71"]
[EventDate "2013.??.??"]
[WhiteTeam "Schachges. Augsburg 1873"]
[BlackTeam "SC Bavaria Regensb.1881"]

1. e4 d6 2. d4 Nf6 3. Nc3 g6 4. Be2 Bg7 5. g4 h5 6. g5 Nfd7 7. h4 e5 8. Be3
exd4 9. Bxd4 O-O 10. Bxg7 Kxg7 11. Qd4+ Kg8 12. O-O-O Nc6 13. Qe3 Nde5 14. f4
Ng4 15. Qg3 f5 16. exf5 Bxf5 17. Nd5 Na5 18. Bd3 Bxd3 19. Qxd3 Rxf4 20. Nh3 c6
21. Ne3 Nxe3 22. Qxe3 Kf7 23. Rhe1 Qd7 24. Rd4 d5 25. Qc3 b6 26. Rd2 Re8 27.
Rde2 Rxe2 28. Rxe2 Kg8 29. Qe1 Rf7 30. Re6 Kh7 31. Nf2 Nb7 32. Nd3 Nc5 33. Nxc5
bxc5 34. Qe5 Qe7 35. Rf6 Rxf6 36. Qc7 1-0

[Event "BEM2013 der Damen"]
[Site "Westerndorf St. Peter / Rosen"]
[Date "2013.08.30"]
[Round "9.6"]
[White "Zabarska, Natalia"]
[Black "Homfeldt, Claudia Laura"]
[Result "1-0"]
[WhiteElo "1836"]
[BlackElo "1434"]
[PlyCount "50"]
[EventDate "2013.??.??"]
[WhiteTeam "Spvg Zabo-Eintracht Nürnberg e.V"]
[BlackTeam "SC Noris-Tarrasch Nürnberg 1873"]

1. e4 d5 2. exd5 Qxd5 3. Nc3 Qa5 4. Be2 Nf6 5. Nf3 c6 6. O-O Bg4 7. d3 Bxf3 8.
Bxf3 e5 9. Bd2 Qc7 10. Re1 Bd6 11. Ne4 Nbd7 12. Nxd6+ Qxd6 13. Bc3 O-O 14. Qd2
h6 15. Rad1 c5 16. b4 Rab8 17. bxc5 Qxc5 18. Bb4 Qb6 19. Bxf8 Rxf8 20. Rb1 Qc7
21. Rxb7 Nc5 22. Rb2 Na4 23. Rb4 Nc5 24. Rxe5 Ncd7 25. Rbb5 Qxe5 1-0

[Event "BEM2013 der Damen"]
[Site "Westerndorf St. Peter / Rosen"]
[Date "2013.08.30"]
[Round "9.7"]
[White "Homfeldt, Maren"]
[Black "Roos, Karin"]
[Result "1-0"]
[WhiteElo "951"]
[BlackElo "1775"]
[PlyCount "70"]
[EventDate "2013.??.??"]
[WhiteTeam "SC Noris-Tarrasch Nürnberg 1873"]
[BlackTeam "FC Bayern München e.V."]

1. e4 d5 2. exd5 Qxd5 3. Nc3 Qa5 4. Be2 Nf6 5. Nf3 c6 6. O-O Bg4 7. d3 Bxf3 8.
Bxf3 e5 9. Bd2 Qc7 10. Re1 Bd6 11. Ne4 Nbd7 12. Nxd6+ Qxd6 13. Bc3 O-O 14. Qd2
h6 15. Rad1 c5 16. b4 Rab8 17. bxc5 Qxc5 18. Bb4 Qb6 19. Bxf8 Rxf8 20. Rb1 Qa6
21. Rxb7 Nc5 22. Rb2 Na4 23. Rb4 Nc5 24. Rxe5 Nfd7 25. Rb5 Qxa2 26. h3 Qa1+ 27.
Rb1 Qd4 28. Rb7 Nxe5 29. Qe2 Nxf3+ 30. Qxf3 a5 31. Rb8 Qd6 32. Rxf8+ Qxf8 33.
Qf4 Nd7 34. Qc7 Qe8 35. Qxa5 Ne5 1-0

[Event "BEM2013 der Damen"]
[Site "Westerndorf St. Peter / Rosen"]
[Date "2013.08.30"]
[Round "9.8"]
[White "Milak, Adela"]
[Black "Billing, Kerstin"]
[Result "0-1"]
[WhiteElo "1666"]
[BlackElo "1714"]
[PlyCount "40"]
[EventDate "2013.??.??"]
[WhiteTeam "SC Haar 1931"]
[BlackTeam "SC Schwabmünchen"]

1. e4 e5 2. Nf3 Nc6 3. Bb5 a6 4. Ba4 b5 5. Bb3 d6 6. O-O Be6 7. c3 Bxb3 8. axb3
Be7 9. d4 exd4 10. Nxd4 Nxd4 11. cxd4 Nf6 12. Nc3 O-O 13. f4 b4 14. Nd5 Nxd5
15. exd5 Bf6 16. Rf3 Re8 17. Qd3 a5 18. Rh3 g6 19. Qc2 Qe7 20. f5 Qe1# 0-1